00581nam a22001937a 450000500170000000800410001701000140005802000230007203500130009503700150010804000120012308200090013510000150014424500510015926000370021027000870024730000330033450000200036720080616162424.0080616t xxu||||| |||| 00| 0 eng d aENG-90326 a8187134550c425.00 aEN-73859 bDBAD / PUB aDPLbEN a535  aKar, R.K.  aOptics:cby R.K. Kar b(classical & quantum) / aKolkatabBooks and Allied c2008 aNo.1-E(1), Shubham Plaza (Ist Floor) 83/1, Beliaghata Main Road, bKolkatae700010 aVarious pagings c25 cm (Hb) aIncludes index